00502nam a2200181 a 4500001001300000003000900013005001700022008004100039020001000080082001300090245005300103260004300156300000800199500003500207505001300242650003400255710003100289nice12345678IN_TiNIC20260116011849.0050524s1968 bana grp 000 0 eng  ac10000a027bUNI aIndian Church History Archives Revised Catalogue aBangalorebUnited Theo. College c1968 a48p aincludes index and biblioraphy2 aAppendix aManuscripts-Library-Catalogue2 aUnited Theological College